Statistiche per Paesi più vicini a Isole Faroe

Clicka qui per fare il quiz!

Statistiche generali

  • Questo quiz è stato fatto 59 volte
  • Il punteggio medio è 19 su 20

Statistiche sulle risposte

kmnazione% Corretto
987Danimarca
100%
1385Finlandia
100%
1272Francia
100%
670Irlanda
100%
434Islanda
100%
1473Lussemburgo
100%
579Norvegia
100%
1137Paesi Bassi
100%
284Regno Unito
100%
931Svezia
100%
1277Belgio
98%
1126Germania
98%
1486Polonia
98%
1588Estonia
94%
1690Lituania
94%
1631Lettonia
92%
1774Svizzera
92%
1691Cechia
87%
1705Russia
85%
1088Groenlandia
38%

Distribuzione punteggi

Percentile per numero di risposta

Percentuale di utenti per punteggio

I tuoi punteggi nel tempo

Non hai fatto questo quiz